00382nam a22001217a 4500082002700000100002200027245007900049250001200128260004100140300003400181526003700215650000800252 a510.28bMITcL-4, P-19 aMitteslstadt, W.S aBasic slide rule operation program for self - instructioncW.S Mittelstadt a2nd ed. aNew YorkbMcgrah - hill book company aviii, 235 p. :bill. ;c20 cm a0b0c0d510_280000000000000_MIT aMCE